Hormones Endocrinologie - Statistiques

Statistiques générales
  • Ce quiz a été pris 147 fois
  • Le résultat moyen est 7 sur 24
Statistiques - réponses
Réponse % Correct
insuline
68%
glucagon
60%
adrénaline
59%
cortisol
54%
testostérone
43%
noradrénaline
38%
prolactine
33%
calcitonine
30%
parathormone
30%
progestérone
30%
aldostérone
29%
ocytocine
29%
hormone de croissance
25%
thyroxine
25%
oestrogènes
21%
angiotensine
20%
hormone antidiurétique
15%
triiodothyronine
11%
corticotrophine
8%
erythropoïétine
8%
gonadotrophine
8%
somatostatine
8%
somatotrophine
5%
thyréotrophine
4%
Aucun quiz correspondant
Distribution des résultats
% des personnes avec chaque résultat
Percentile par nombre de réponses
Votre historique - résultats
Vous n’avez pas pris ce quiz